Biblioteca

Textos para maestros de niños / Katherine Hershey [et. al.] (Registro nro. 33207)

Detalles MARC
000 -LÍDER
Campo fijo de descripción fija 007740000a22001930004500
001 - NÚMERO DE CONTROL
Campo de control 2251
041 0# - CÓDIGO DE IDIOMA
Código de idioma para texto/pista de sonido o título separado
082 04 - NÚMERO DE CLASIFICACIÓN DECIMAL DEWEY
Número de clasificación G 268.58 C39787t
100 1# - ASIENTO PRINCIPAL--NOMBRE PERSONAL
Nombre personal Hershey, Katherine
245 10 - TÍTULO
Título del Material Textos para maestros de niños / Katherine Hershey [et. al.]
260 ## - PUBLICACIÓN, DISTRIBUCIÓN, ETC. (PIE DE IMPRENTA)
Lugar de publicación, distribución, etc. México, D.F., México : Centro Cultural Pro la Niñez
300 ## - DESCRIPCIÓN FÍSICA
Extensión 51 Pag
336 ## - CONTENT TYPE
Content type term texto
Content type code txt
Source rdacontent
337 ## - MEDIA TYPE
Source rdamedia
Media type term sin mediación
Media type code n
338 ## - CARRIER TYPE
Source rdacarrier
Carrier type term volumen
Carrier type code nc
500 ## - NOTA GENERAL
Nota General Texto para maestros de niños
505 00 - NOTA DE CONTENIDO
Nota de contenido con formato preestablecido vol. 1 : La vida de los Patriarcas vol. 2 : La vida de José vol. 3 : La vida de Josué vol. 4 : La vida de David vol. 5 : La vida del profeta Elías vol. 6 : La vida del profeta Eliseo vol. 7 : La vida de Ester vol. 8 : La vida de Cristo
942 ## - TIPO DE MATERIAL (KOHA)
Tipo de Item KOHA Libros General
Existencias
Estado de Material Estado de Perdido Volumen-Parte/Tomo Estado de Dañado No para Préstamo Colección Tomo Biblioteca de Origen Biblioteca Permanente Fecha de Adquisición Total de Préstamos Signatura Topográfica Código de Barras Última vez visto Ejemplar/Existencia Fecha de Remplazo Tipo de Material
    2     Colección General   Biblioteca FUSBC Biblioteca FUSBC 21/01/2005   G 268.58 C39787t 6591 12/12/2019 1 26/01/2016 Libros General
    6     Colección General   Biblioteca FUSBC Biblioteca FUSBC 21/01/2005   G 268.58 C39787t 6609 12/12/2019 1 26/01/2016 Libros General
    5     Colección General   Biblioteca FUSBC Biblioteca FUSBC 21/01/2005   G 268.58 C39787t 6608 12/12/2019 1 26/01/2016 Libros General
    3     Colección General   Biblioteca FUSBC Biblioteca FUSBC 21/01/2005   G 268.58 C39787t 6607 12/12/2019 2 26/01/2016 Libros General
    3     Colección General   Biblioteca FUSBC Biblioteca FUSBC 21/01/2005   G 268.58 C39787t 6606 12/12/2019 1 26/01/2016 Libros General
    7     Colección General   Biblioteca FUSBC Biblioteca FUSBC 16/11/2004   G 268.58 C39787t 6600 12/12/2019 2 26/01/2016 Libros General
    7     Colección General   Biblioteca FUSBC Biblioteca FUSBC 16/11/2004   G 268.58 C39787t 6599 12/12/2019 1 26/01/2016 Libros General
    1     Colección General   Biblioteca FUSBC Biblioteca FUSBC 21/01/2005   G 268.58 C39787t 6598 12/12/2019 1 26/01/2016 Libros General
    4     Colección General   Biblioteca FUSBC Biblioteca FUSBC 21/01/2005   G 268.58 C39787t 6597 12/12/2019 2 26/01/2016 Libros General
    4     Colección General   Biblioteca FUSBC Biblioteca FUSBC 21/01/2005   G 268.58 C39787t 6596 12/12/2019 1 26/01/2016 Libros General
    8     Colección General   Biblioteca FUSBC Biblioteca FUSBC 21/01/2005   G 268.58 C39787t 6595 12/12/2019 4 26/01/2016 Libros General
    8     Colección General   Biblioteca FUSBC Biblioteca FUSBC 21/01/2005   G 268.58 C39787t 6594 12/12/2019 3 26/01/2016 Libros General
    8     Colección General   Biblioteca FUSBC Biblioteca FUSBC 21/01/2005   G 268.58 C39787t 6593 12/12/2019 2 26/01/2016 Libros General
    8     Colección General   Biblioteca FUSBC Biblioteca FUSBC 21/01/2005   G 268.58 C39787t 6592 12/12/2019 1 26/01/2016 Libros General

Biblioteca FUSBC | Teléfono: (57+4) 349 88 10 Ext. 141| WhatsApp (+57) 3005338115 
E-mail: biblioteca@unisbc.edu.co | Calle 76 87-14 Robledo Palenque, Medellín, Colombia

Con tecnología Koha